00927nam a2200157Ia 45000010005000000080041000052450292000462600147003383000020004855200195005055460011007006480012007116500024007236500013007476510009007606565260622s9999 xx 000 0 und d 0aمعابد عشتار القديمة في آشور/ cتأليف: فالتر أندريه، ترجمة: عبد الرزّاق كامل الحسن، مراجعة الترجمة: د. نوال خورشيد سعيد، المراجعة الأثرية: ميسر سعيد العراقي b المؤسسة العامة للآثار و التراث، وزارة الثقافة و العلام، الجمهورية العراق؛  a215p; c30x23cm aEarly Ishtar Temples in Ashur/ By Walter Andrae, Translated by Abdul Razzak K. Th. Al Hasan, Translation revision: Dr. Nawal Khurshid Saeed, Archaeological revision: Muyaser Sa'id Al Iraqi.  aArabic aAncient aCC1-960 Archaeology aPaganism aIraq